| 000 | 01507cam a2200445Ia 4500 | ||
|---|---|---|---|
| 001 | 94730 | ||
| 005 | 20230411090052.0 | ||
| 008 | 100408s2010 fr abf b 000 0 fre d | ||
| 010 | _a 2010442498 | ||
| 035 | _a(OCoLC)ocn605119707 | ||
| 040 |
_aNDU _cNDU _dAUXAM _dTZT _dCGU _dDLC |
||
| 020 | _a9782843437076 (pbk.) | ||
| 020 | _a2843437075 (pbk.) | ||
| 029 | 1 |
_aAUXAM _bAAL0478624-0001 |
|
| 029 | 1 |
_aTZT _bJTL00270397 |
|
| 035 | _a(OCoLC)605119707 | ||
| 041 | _afre | ||
| 043 | _aa-ir--- | ||
| 082 | 1 | 4 |
_a955 _21 |
| 090 |
_aDS318.9 _b.H84 2010 |
||
| 049 | _aGRAL | ||
| 100 | 1 | _aHugeux, Vincent. | |
| 245 | 1 | 0 |
_aIran, l'état d' alerte / _cVincent Hugeux. |
| 260 |
_aParis : _bL'Express, _c2010 |
||
| 300 |
_a399 p., [8] p. of plates : _b1 map, col. ports ; _c21cm. |
||
| 500 | _a"Preface Christophe Barbier" -- p. [1] of cover. | ||
| 500 | _a"Nucléaire révolution verte luttes de pouvoir libertés" -- p. [1] of cover. | ||
| 504 | _aIncludes bibliographical references (p. [396]-397). | ||
| 651 | 0 |
_aIran _xPolitics and government _y21st century. |
|
| 651 | 0 |
_aIran _xSocial conditions _y21st century. |
|
| 650 | 0 |
_aNuclear weapons _zIran. |
|
| 650 | 0 |
_aNuclear nonproliferation _zIran. |
|
| 650 | 0 | _aWeapons of mass destruction. | |
| 700 | 1 |
_aBarbier, Christophe, _d1967- |
|
| 938 |
_aAux Amateurs de Livres _bAUXA _nAAL0478624-0001 _c16,00 EUR |
||
| 938 |
_aJean Touzot Libraire Editeur _bTOUZ _nJTL00270397 _c16 EUR |
||
| 942 |
_2lcc _cbk |
||
| 994 |
_aC0 _bDRFGD |
||
| 946 | _aJP | ||
| 999 |
_c111937 _d111937 |
||